[Event "Frankfurt-ch"]
[Site "Frankfurt"]
[Date "2005.05.30"]
[Round "5"]
[White "Fischer, Manfred"]
[Black "Petersen, Gerd"]
[Result "1-0"]
[WhiteElo "1779"]
[BlackElo "1537"]
[PlyCount "135"]
[EventDate "2005.04.25"]
[EventType "swiss"]
[EventRounds "7"]
[EventCountry "GER"]
[SourceTitle "EXT 2006"]
[Source "ChessBase"]
[SourceDate "2005.11.24"]
[SourceVersion "1"]
[SourceVersionDate "2005.11.24"]
[SourceQuality "1"]

1. e4 e5 2. Bc4 Nf6 3. d4 d6 4. dxe5 dxe5 5. Bxf7+ Ke7 6. Qxd8+ Kxd8 7. Nc3 Bc5 8. Bg5 Ke7 9. Bb3 h6 10. Nd5+ Kd6 11. Bxf6 gxf6 12. 0-0-0 Kc6 13. f3 Rf8 14. Ne2 b5 15. Nec3 a5 16. Nxb5 Na6 17. Ba4 Kb7 18. Ndc3 Be6 19. Bb3 Bxb3 20. cxb3 Rfd8 21. Rxd8 Rxd8 22. Rd1 Be3+ 23. Kb1 Rg8 24. g4 Nc5 25. Nxc7 Bd4 26. N7d5 Rf8 27. Kc2 Kc6 28. Ne7+ Kd7 29. Nf5 Ne6 30. Nxd4 Nxd4+ 31. Kb1 Ke6 32. Rf1 Rg8 33. Nd5 h5 34. h3 hxg4 35. fxg4 Rg6 36. Ne3 Rh6 37. Rh1 Ne2 38. Nf5 Rh7 39. h4 Nd4 40. h5 Nf3 41. Rd1 Ng5 42. Rd6+ Kf7 43. Rd7+ Ke6 44. Rxh7 Nxh7 45. Kc2 Ng5 46. Ng3 Kd6 47. Kc3 Kc5 48. h6 Nh7 49. a3 Ng5 50. b4+ axb4+ 51. axb4+ Kb5 52. Kb3 Nh7 53. Nh5 Kb6 54. Kc4 Kc6 55. b5+ Kd6 56. b3 Kc7 57. Kc5 f5 58. gxf5 Ng5 59. Nf6 Nf7 60. h7 Nh8 61. Ng4 Nf7 62. Nh6 Nh8 63. b6+ Kb7 64. b4 Kb8 65. Kc6 Ka8 66. Kc7 Nf7 67. b7+ Ka7 68. b8Q+ 1-0

[Event "Frankfurt-ch"]
[Site "Frankfurt"]
[Date "2005.05.23"]
[Round "4"]
[White "Petersen, Gerd"]
[Black "Storck, Eike Werner"]
[Result "0-1"]
[WhiteElo "1537"]
[BlackElo "1894"]
[PlyCount "109"]
[EventDate "2005.04.25"]
[EventType "swiss"]
[EventRounds "7"]
[EventCountry "GER"]
[SourceTitle "EXT 2006"]
[Source "ChessBase"]
[SourceDate "2005.11.24"]
[SourceVersion "1"]
[SourceVersionDate "2005.11.24"]
[SourceQuality "1"]

1. Nf3 Nf6 2. d4 d6 3. g3 g6 4. Bg2 Bg7 5. 0-0 0-0 6. Bf4 Nbd7 7. Nbd2 Nd5 8. Be3 Nxe3 9. fxe3 Bh6 10. e4 e5 11. Nc4 b5 12. Na3 b4 13. Nc4 Ba6 14. Na5 exd4 15. Nc6 Qe8 16. Nxb4 Bb7 17. Nd5 Rc8 18. Qxd4 Bxd5 19. Qxd5 Nf6 20. Qd3 Nxe4 21. Bh3 Rb8 22. b3 Nc5 23. Qd1 Qe3+ 24. Kg2 Rfe8 25. Nd4 Bg7 26. Rf4 Bxd4 27. Rxd4 Qxe2+ 28. Kg1 Qe3+ 29. Kh1 Ne4 30. Rxe4 Qxe4+ 31. Bg2 Qe2 32. Bf1 Qf2 33. Qd3 Rb4 34. c4 Re1 35. Rxe1 Qxe1 36. Kg1 a5 37. Qf3 Rb8 38. Qc6 Qe3+ 39. Kg2 Qd2+ 40. Kh3 Qf2 41. Bg2 h5 42. Bd5 Qb6 43. Qd7 Rf8 44. Qe7 Kg7 45. Qe2 Qd4 46. Qe7 Qg4+ 47. Kg2 h4 48. Bf3 h3+ 49. Kf2 Qd4+ 50. Kf1 Qa1+ 51. Kf2 Qxa2+ 52. Be2 Qxb3 53. Qxc7 Re8 54. Qa7 Qc2 55. Qd4+ 0-1